[Event "XI Weekend C"]
[Site "Gorgonzola ITA"]
[Date "2006.11.11"]
[Round "1"]
[White "Ronconi, Fausto"]
[Black "Sbernini, Daniele"]
[Result "0-1"]
[WhiteElo "1730"]
[BlackElo "1596"]
[PlyCount "116"]
[EventDate "2006.11.11"]

1. d4 d5 2. c4 e6 3. Nc3 Nf6 4. Bg5 Nbd7 5. e3 c6 6. Nf3 Qa5 7. cxd5 Nxd5 8.
Qa4 Qxa4 9. Nxa4 Bb4+ 10. Nd2 b5 11. a3 Bxd2+ 12. Kxd2 bxa4 13. Bc4 O-O 14. e4
N5b6 15. Bd3 Bb7 16. Rac1 Rfc8 17. Be7 e5 18. Ke3 exd4+ 19. Kxd4 c5+ 20. Bxc5
Nxc5 21. Rxc5 Rxc5 22. Kxc5 Rd8 23. Bb5 Bxe4 24. f3 Bd3 25. Bc6 Ba6 26. Re1 Kf8
27. Kb4 Nc4 28. Kxa4 Nxb2+ 29. Ka5 Bc8 30. Re4 Be6 31. Rb4 Nc4+ 32. Ka6 Nxa3
33. Kxa7 Nc4 34. Be4 Ne3 35. f4 Bd5 36. Rd4 Ra8+ 37. Kb6 Bxe4 38. Rxe4 Nxg2 39.
Kc6 Re8 40. Ra4 Re6+ 41. Kd7 g6 42. h4 Rf6 43. Re4 Rxf4 44. Re8+ Kg7 45. h5
Rd4+ 46. Kc6 Rh4 47. hxg6 hxg6 48. Re2 Nf4 49. Rf2 g5 50. Kd6 Rh6+ 51. Ke7 Re6+
52. Kd7 Kg6 53. Rf1 Kf5 54. Rh1 g4 55. Rh7 f6 56. Rh4 g3 57. Rxf4+ Kxf4 58.
Kxe6 g2 0-1

[Event "XI Weekend C"]
[Site "Gorgonzola ITA"]
[Date "2006.11.11"]
[Round "1"]
[White "Safira, Anamaria"]
[Black "Calvi, Luca"]
[Result "0-1"]
[WhiteElo "1689"]
[BlackElo "1536"]
[PlyCount "48"]
[EventDate "2006.11.11"]

1. d4 Nf6 2. Nf3 c5 3. e3 g6 4. dxc5 Nc6 5. Nbd2 Bg7 6. Bd3 O-O 7. O-O Qc7 8.
c3 Ne5 9. Nxe5 Qxe5 10. Re1 Qxc5 11. e4 d6 12. Nf3 b6 13. e5 Ng4 14. Be3 Nxe3
15. Rxe3 dxe5 16. Be4 Rb8 17. b4 Qc7 18. Rc1 Bh6 19. Rd3 Bxc1 20. Qxc1 f5 21.
Bd5+ e6 22. Bxe6+ Bxe6 23. Ng5 Bxa2 24. h3 Bc4 0-1

[Event "XI Weekend C"]
[Site "Gorgonzola ITA"]
[Date "2006.11.11"]
[Round "1"]
[White "Villa, Maurizio"]
[Black "Paolini, Novello Massimo"]
[Result "0-1"]
[WhiteElo "1530"]
[BlackElo "1688"]
[PlyCount "60"]
[EventDate "2006.11.11"]

1. d4 Nf6 2. c4 c5 3. d5 b5 4. cxb5 a6 5. Nc3 axb5 6. Nxb5 d6 7. Nf3 Qa5+ 8.
Nc3 Ne4 9. Qb3 Ba6 10. Bd2 Nxd2 11. Nxd2 Nd7 12. Nc4 Bxc4 13. Qxc4 g6 14. e3
Rb8 15. Qa4 Qxa4 16. Nxa4 Bg7 17. Rb1 O-O 18. Be2 Ra8 19. b3 Rfb8 20. O-O f5
21. Rfc1 Kf7 22. f3 Nf6 23. Rd1 Ne8 24. Kf2 Nc7 25. e4 f4 26. g3 g5 27. gxf4
gxf4 28. Rg1 Bd4+ 29. Kf1 Bxg1 30. Kxg1 Rxa4 0-1

[Event "XI Weekend C"]
[Site "Gorgonzola ITA"]
[Date "2006.11.12"]
[Round "2"]
[White "Bruno, Riccardo"]
[Black "Christen, Peter Walter"]
[Result "1-0"]
[WhiteElo "1586"]
[BlackElo "1517"]
[PlyCount "96"]
[EventDate "2006.11.11"]

1. d4 e6 2. c4 d5 3. Nf3 Nf6 4. Bg5 c6 5. e3 Nbd7 6. Nc3 Qa5 7. Bd3 Ne4 8. Qc2
Bb4 9. Rc1 Qxa2 10. O-O Bxc3 11. Bxe4 Qxb2 12. cxd5 exd5 13. Bxd5 Qxc2 14.
Bxf7+ Kxf7 15. Rxc2 Bb4 16. d5 cxd5 17. Rc7 Bd6 18. Rc2 Nc5 19. Rd1 Be6 20. Nd4
Ne4 21. Nb5 Bxh2+ 22. Kxh2 Nxg5 23. Rc7+ Kf6 24. Rxb7 a5 25. Nd4 Rhb8 26. Rc7
Rc8 27. Rb7 Nf7 28. Rb6 Nd8 29. f4 g6 30. g4 Ke7 31. f5 Bf7 32. f6+ Kf8 33. Kg3
a4 34. Rh1 Bg8 35. Nf3 Rc6 36. Ne5 Rxb6 37. Nd7+ Kf7 38. Nxb6 Ra5 39. g5 a3 40.
Kf4 Ke6 41. Nc8 Nc6 42. Nb6 Nb4 43. e4 dxe4 44. Nc4 Rc5 45. Ne3 Ra5 46. Kxe4
Rxg5 47. Rf1 Re5+ 48. Kd4 Rxe3 1-0

[Event "XI Weekend C"]
[Site "Gorgonzola ITA"]
[Date "2006.11.12"]
[Round "2"]
[White "Corti, Filippo"]
[Black "Loaldi, Davide"]
[Result "1-0"]
[WhiteElo "1625"]
[BlackElo "1524"]
[PlyCount "63"]
[EventDate "2006.11.11"]

1. Nf3 Nf6 2. g3 Nc6 3. d4 e6 4. Bg2 d5 5. O-O Bd6 6. c4 O-O 7. Nc3 a6 8. b3
Bb4 9. Bb2 Bxc3 10. Bxc3 b6 11. Ne5 Bb7 12. Rc1 Nxe5 13. dxe5 Ne8 14. Qd2 Rb8
15. Rfd1 c6 16. cxd5 c5 17. dxe6 Qxd2 18. exf7+ Rxf7 19. Rxd2 Bxg2 20. Kxg2 Nc7
21. Rcd1 Ne6 22. f4 Rff8 23. e4 Rfd8 24. Rxd8+ Rxd8 25. Rxd8+ Nxd8 26. Kf3 Kf7
27. f5 Nc6 28. e6+ Kf8 29. g4 Nd4+ 30. Bxd4 cxd4 31. e5 Ke7 32. Ke4 1-0

[Event "XI Weekend C"]
[Site "Gorgonzola ITA"]
[Date "2006.11.12"]
[Round "2"]
[White "Galimberti, Maurizio"]
[Black "Magistroni, Imerio"]
[Result "1-0"]
[WhiteElo "1524"]
[BlackElo "1693"]
[PlyCount "73"]
[EventDate "2006.11.11"]

1. Nf3 g6 2. e4 Bg7 3. d4 d6 4. c3 Nf6 5. Bd3 Nbd7 6. O-O O-O 7. h3 c5 8. Be3
Qc7 9. Qc1 c4 10. Bc2 e5 11. d5 Nc5 12. Nbd2 b5 13. b4 Ncd7 14. a4 bxa4 15.
Bxa4 Nb6 16. Bc6 Rb8 17. Qa3 a6 18. Rfb1 Nh5 19. Bxb6 Rxb6 20. Qa5 Qd8 21. Nxc4
f5 22. Qxb6 Qf6 23. Qe3 f4 24. Qe2 g5 25. Nxd6 Qxd6 26. Nxg5 Qg6 27. h4 f3 28.
Qf1 fxg2 29. Qxg2 Rf4 30. b5 Rg4 31. Qxg4 Bxg4 32. bxa6 Be2 33. a7 Bf8 34. a8=Q
h6 35. Qe8 Qxe8 36. Bxe8 Nf4 37. Ne6 1-0

[Event "XI Weekend C"]
[Site "Gorgonzola ITA"]
[Date "2006.11.12"]
[Round "2"]
[White "Gallo, Carlo"]
[Black "Petetta, Roberto"]
[Result "1-0"]
[WhiteElo "1748"]
[BlackElo "1652"]
[PlyCount "95"]
[EventDate "2006.11.11"]

1. c4 Nf6 2. Nc3 d5 3. cxd5 Nxd5 4. g3 b6 5. Bg2 Bb7 6. Nf3 e6 7. O-O Be7 8.
Re1 O-O 9. e4 Nxc3 10. bxc3 c5 11. d4 Qc7 12. Qe2 Re8 13. Bb2 Nd7 14. Rad1 c4
15. Qc2 Nf8 16. Bc1 Rad8 17. Bf4 Qc8 18. Nd2 b5 19. Rb1 a6 20. a4 Qc6 21. axb5
axb5 22. Nf3 Ng6 23. Bd2 Ra8 24. Qb2 Ra5 25. Ra1 Rea8 26. Rxa5 Rxa5 27. Ra1 Qa6
28. Rxa5 Qxa5 29. Ne1 Nf8 30. Nc2 Nd7 31. Ne3 Nb6 32. Qb1 Bc6 33. d5 exd5 34.
exd5 Bd7 35. Be4 g6 36. Nc2 Bf6 37. Qe1 Na4 38. Nb4 Nc5 39. Nc6 Bxc6 40. dxc6
Nxe4 41. Qxe4 Qd8 42. Qf4 Be7 43. c7 Qd7 44. Qe5 Bf8 45. Bf4 h5 46. Qe4 Qc8 47.
Qd5 b4 48. Qd8 1-0

[Event "XI Weekend C"]
[Site "Gorgonzola ITA"]
[Date "2006.11.12"]
[Round "2"]
[White "Idili, Leonardo"]
[Black "Babic, Vladimir"]
[Result "1-0"]
[WhiteElo "1710"]
[BlackElo "1620"]
[PlyCount "87"]
[EventDate "2006.11.11"]

1. d4 d5 2. Nf3 Nf6 3. c4 e6 4. cxd5 exd5 5. Nc3 c6 6. Bg5 Be7 7. e3 Bg4 8. h3
Bh5 9. Be2 Nbd7 10. O-O O-O 11. a3 Re8 12. Qc2 Bg6 13. Bd3 Bxd3 14. Qxd3 h6 15.
Bf4 Qc8 16. Na4 Ne4 17. Rfc1 Qd8 18. b4 Nb6 19. Nc5 Bxc5 20. dxc5 Nc4 21. Ra2
Qf6 22. Qd4 Qf5 23. g4 Qe6 24. Nh4 Ned2 25. Rxd2 Nxd2 26. Qxd2 g5 27. Bxg5 hxg5
28. Nf5 f6 29. Nd6 Re7 30. Qd3 Rg7 31. Re1 b6 32. e4 bxc5 33. bxc5 Rb8 34. Kf1
Re7 35. Nf5 Reb7 36. exd5 Qd7 37. Ne7+ Kf8 38. Qg6 Qxe7 39. Rxe7 Kxe7 40. d6+
Ke6 41. Qe4+ Kf7 42. Qxc6 Ke6 43. d7+ Ke7 44. Qd6+ 1-0

[Event "XI Weekend C"]
[Site "Gorgonzola ITA"]
[Date "2006.11.12"]
[Round "2"]
[White "Mariucci, Felice"]
[Black "Calvi, Luca"]
[Result "1-0"]
[WhiteElo "1661"]
[BlackElo "1536"]
[PlyCount "73"]
[EventDate "2006.11.11"]

1. Nf3 Nf6 2. e3 g6 3. d4 c5 4. dxc5 Nc6 5. Bd2 Bg7 6. Bc3 O-O 7. Nbd2 b6 8.
cxb6 Qxb6 9. Be2 Bb7 10. O-O d5 11. Nb3 e6 12. Qe1 Qc7 13. Rd1 e5 14. h3 e4 15.
Nfd4 Ne7 16. a4 a6 17. Bb4 Rfe8 18. Rc1 Nd7 19. c4 Qe5 20. Na5 Rab8 21. Bxe7
Qxe7 22. Nac6 Bxc6 23. Nxc6 Qg5 24. Nxb8 Rxb8 25. cxd5 Rxb2 26. Rc8+ Bf8 27.
Bxa6 Ne5 28. Qc1 Nf3+ 29. Kh1 Rb6 30. Qc5 Kg7 31. Qxf8+ Kf6 32. Qd8+ Kf5 33.
Qxg5+ Nxg5 34. Bb5 Ke5 35. Bc6 f5 36. a5 Ra6 37. Ra8 1-0

[Event "XI Weekend C"]
[Site "Gorgonzola ITA"]
[Date "2006.11.12"]
[Round "2"]
[White "Megna, Giuseppe"]
[Black "Brighenti, Alessandro"]
[Result "1-0"]
[WhiteElo "1691"]
[BlackElo "1588"]
[PlyCount "39"]
[EventDate "2006.11.11"]

1. d4 Nf6 2. Nf3 g6 3. g3 Bg7 4. Bg2 O-O 5. O-O d5 6. c4 dxc4 7. Ne5 Nd5 8.
Nxc4 Nb6 9. Nxb6 axb6 10. e3 e6 11. Nc3 c5 12. d5 Qe7 13. e4 Rd8 14. Qb3 exd5
15. Nxd5 Qe6 16. Bg5 Nc6 17. Bxd8 Nxd8 18. Qxb6 Qxb6 19. Nxb6 Ra6 20. Nxc8 1-0

[Event "XI Weekend C"]
[Site "Gorgonzola ITA"]
[Date "2006.11.12"]
[Round "2"]
[White "Myftaraj, Ylli"]
[Black "Raimondi, Davide"]
[Result "1/2-1/2"]
[WhiteElo "1524"]
[BlackElo "1678"]
[PlyCount "214"]
[EventDate "2006.11.11"]

1. d4 d5 2. c4 e6 3. Nc3 c5 4. cxd5 exd5 5. dxc5 d4 6. Ne4 Bf5 7. Ng3 Bg6 8.
Qa4+ Nc6 9. Nf3 Bxc5 10. Ne5 Qb6 11. e3 dxe3 12. fxe3 Bxe3 13. Nxg6 Bf2+ 14.
Ke2 hxg6 15. Ne4 Rh4 16. Nd6+ Kf8 17. Qa3 Nb4 18. g3 Bxg3 19. Qxg3 Rd4 20. Bf4
Rd3 21. Nc4 Rxg3 22. Nxb6 Re8+ 23. Kf2 Rg4 24. Bd6+ Ne7 25. Nd7+ Kg8 26. Bxb4
Rxb4 27. b3 Rd8 28. Ne5 Rf4+ 29. Kg3 Rdd4 30. Bc4 Nf5+ 31. Kg2 Rd2+ 32. Kg1 Ne3
33. Bf1 Rdf2 34. Bh3 Rd2 35. Nc4 Nxc4 36. bxc4 Rff2 37. a4 b6 38. Bf1 Ra2 39.
Rxa2 Rxa2 40. h4 Rxa4 41. Kf2 Rb4 42. Be2 Kf8 43. h5 gxh5 44. Rxh5 g6 45. Rh8+
Kg7 46. Ra8 a5 47. Ke3 f5 48. Kd4 Kf6 49. Kc3 Ke5 50. Rg8 Kf6 51. Bf3 Kg5 52.
Bd5 Kf6 53. Rf8+ Kg7 54. Rf7+ Kh6 55. Rf6 Kg5 56. Rc6 f4 57. Be4 f3 58. Bxf3
Kf4 59. Rf6+ Kg5 60. Rf8 Kh4 61. Rg8 g5 62. Bd5 Rb1 63. Kc2 Rb4 64. Be6 Kh5 65.
Rh8+ Kg6 66. Bd5 Kf6 67. Rg8 Kf5 68. Rf8+ Kg6 69. Kc3 Kg7 70. Rc8 Kf6 71. Rc6+
Kf5 72. Be6+ Kf4 73. Bd7 g4 74. Rf6+ Kg5 75. Rf8 g3 76. Rg8+ Kf4 77. Rg6 Kf3
78. Rg5 Rb1 79. Kc2 Re1 80. Bc6+ Kf4 81. Rb5 Re2+ 82. Kd3 g2 83. Bxg2 Rxg2 84.
Rxb6 Rg3+ 85. Kd4 a4 86. Ra6 a3 87. c5 Kf5 88. Kd5 Rd3+ 89. Kc6 Ke6 90. Kc7+
Ke7 91. Ra5 Rd5 92. Kc6 Rd3 93. Ra6 Rc3 94. Kb6 Kd7 95. Ra7+ Kc8 96. Kc6 Kb8
97. Ra5 Rb3 98. Kd5 Rh3 99. Kc4 Rh4+ 100. Kb5 Rh3 101. Kb4 Rh4+ 102. Kxa3 Rh3+
103. Kb4 Rh6 104. Ra4 Kc7 105. Ra7+ Kc8 106. Rg7 Rf6 107. c6 Rf1 1/2-1/2

[Event "XI Weekend C"]
[Site "Gorgonzola ITA"]
[Date "2006.11.12"]
[Round "2"]
[White "Nastasi, Maurizio"]
[Black "Rinaldo, Andrea"]
[Result "0-1"]
[WhiteElo "1553"]
[BlackElo "1748"]
[PlyCount "58"]
[EventDate "2006.11.11"]

1. e4 e6 2. d4 d5 3. e5 c5 4. c3 Nc6 5. Nf3 Bd7 6. Be2 Nge7 7. O-O Qc7 8. Na3
a6 9. dxc5 Ng6 10. Be3 Ngxe5 11. Nc2 Nxf3+ 12. Bxf3 Be7 13. Qd2 Ne5 14. Be2
Bxc5 15. Bxc5 Qxc5 16. Qg5 Ng6 17. c4 h6 18. Qe3 Qxe3 19. Nxe3 d4 20. Ng4 h5
21. Bd3 hxg4 22. Bxg6 fxg6 23. Rad1 e5 24. Rfe1 Rh5 25. Rxd4 Ke7 26. c5 Rah8
27. f3 gxf3 28. gxf3 Rg5+ 29. Kf1 Rxh2 0-1

[Event "XI Weekend C"]
[Site "Gorgonzola ITA"]
[Date "2006.11.12"]
[Round "2"]
[White "Orsucci, Marzio"]
[Black "Safira, Anamaria"]
[Result "1-0"]
[WhiteElo "1583"]
[BlackElo "1689"]
[PlyCount "53"]
[EventDate "2006.11.11"]

1. e4 c6 2. d4 d5 3. e5 Bf5 4. Bd3 Bxd3 5. Qxd3 e6 6. Nf3 Nd7 7. Nbd2 c5 8. c3
Ne7 9. Ng5 Ng6 10. Ndf3 Be7 11. h4 h6 12. Nxe6 Qb6 13. Nxg7+ Kd8 14. Nf5 h5 15.
Nxe7 Nxe7 16. Ng5 Rf8 17. b3 cxd4 18. cxd4 Nc6 19. Nf3 Nb4 20. Qd2 Rc8 21. O-O
Rc2 22. Qg5+ f6 23. exf6 Nxf6 24. Ba3 Rg8 25. Qf5 Rxa2 26. Bxb4 Rxa1 27. Rxa1
1-0

[Event "XI Weekend C"]
[Site "Gorgonzola ITA"]
[Date "2006.11.12"]
[Round "2"]
[White "Paolini, Novello Massimo"]
[Black "Madaschi, Sergio"]
[Result "1-0"]
[WhiteElo "1688"]
[BlackElo "1568"]
[PlyCount "129"]
[EventDate "2006.11.11"]

1. d4 Nf6 2. c4 g6 3. Nc3 Bg7 4. e4 d6 5. f3 O-O 6. Bg5 h6 7. Be3 e5 8. d5 c6
9. Qd2 cxd5 10. Nxd5 Kh7 11. Rd1 Ne8 12. Nc3 Nc6 13. Nb5 Nd4 14. Nc3 Be6 15. b3
Qf6 16. Nge2 a6 17. Nxd4 exd4 18. Bxd4 Qe7 19. Bxg7 Kxg7 20. Nd5 Bxd5 21. Qxd5
Rd8 22. Bd3 Nf6 23. Qd4 Kg8 24. O-O Rd7 25. Qe3 Kh7 26. Rfe1 Re8 27. Bc2 Qd8
28. Rd2 Ree7 29. Red1 Qc7 30. g4 Ne8 31. Qf4 Kg7 32. h4 Qd8 33. h5 g5 34. Qe3
Nf6 35. Qc3 Re5 36. b4 Ne8 37. a4 f6 38. a5 Qc7 39. Ba4 Rd8 40. Bxe8 Rexe8 41.
Rd5 Re5 42. Qd4 Rxd5 43. Qxd5 Qf7 44. Kf2 Qxd5 45. exd5 Rc8 46. Rc1 Kf7 47. Ke3
Re8+ 48. Kd2 Re5 49. Re1 Ke7 50. Rxe5+ fxe5 51. Ke3 Kf7 52. Ke4 Kf6 53. Kd3 Ke7
54. c5 Kd7 55. cxd6 Kxd6 56. Ke4 Ke7 57. Kxe5 Kd7 58. f4 gxf4 59. Kxf4 Kd6 60.
Ke4 Ke7 61. Ke5 Kd7 62. Kf6 Kd6 63. Kg6 Kxd5 64. Kxh6 Ke6 65. Kg7 1-0

[Event "XI Weekend C"]
[Site "Gorgonzola ITA"]
[Date "2006.11.12"]
[Round "2"]
[White "Patrucco, Carlo"]
[Black "Villa, Maurizio"]
[Result "1-0"]
[WhiteElo "1700"]
[BlackElo "1530"]
[PlyCount "95"]
[EventDate "2006.11.11"]

1. e4 c6 2. d3 d5 3. Nd2 dxe4 4. dxe4 e5 5. Ngf3 Bg4 6. Be2 Nd7 7. O-O Ngf6 8.
b3 Bc5 9. Bb2 Qc7 10. h3 Bh5 11. Nh4 Bxe2 12. Qxe2 Bd4 13. Bxd4 exd4 14. Nf5
O-O 15. Nxd4 Rfe8 16. Nf5 Rad8 17. Rad1 Qe5 18. Ng3 Nc5 19. Nc4 Qf4 20. Rxd8
Rxd8 21. Re1 b5 22. e5 Nd5 23. Nh5 Qg5 24. Nd6 Ne6 25. Qf3 Ndf4 26. Nxf4 Qxf4
27. Qxc6 Nd4 28. Qc7 Rf8 29. Qc5 Qd2 30. Rf1 Ne2+ 31. Kh1 Nf4 32. Ne4 Qe2 33.
Ng3 Qd2 34. a4 bxa4 35. bxa4 Rd8 36. c4 g6 37. Qxa7 Rd3 38. Qa8+ Kg7 39. Qe4
Rd4 40. Qc6 Qc3 41. Ne4 Qxc4 42. Qf6+ Kg8 43. Rb1 Ne6 44. Rb8+ Nf8 45. Qe7 Qc1+
46. Kh2 Qf4+ 47. g3 Qh6 48. Nf6+ 1-0

[Event "XI Weekend C"]
[Site "Gorgonzola ITA"]
[Date "2006.11.12"]
[Round "2"]
[White "Politi, Marco Augusto"]
[Black "Delle Fave, Fabio"]
[Result "0-1"]
[WhiteElo "1643"]
[BlackElo "1720"]
[PlyCount "80"]
[EventDate "2006.11.11"]

1. c4 e6 2. Nc3 d5 3. cxd5 exd5 4. d4 Nf6 5. Nf3 c6 6. a3 Be6 7. h3 h6 8. Bf4
Bd6 9. Bxd6 Qxd6 10. e3 Nbd7 11. Bd3 a6 12. O-O O-O 13. b4 Rfc8 14. Qc2 a5 15.
Rfb1 axb4 16. Rxb4 Rxa3 17. Rab1 Rca8 18. Rxb7 Ra1 19. Qb2 Qa3 20. Rb3 Qxb2 21.
R3xb2 Kf8 22. Rxa1 Rxa1+ 23. Kh2 Ra3 24. Rc2 c5 25. dxc5 Nxc5 26. Be2 Nce4 27.
Nxe4 Nxe4 28. Kg1 Ra1+ 29. Bf1 Ke7 30. Nd2 Nd6 31. f3 Nf5 32. Kf2 Ra3 33. e4
Ne3 34. Rc1 d4 35. Be2 Ra2 36. Nf1 Nxg2 37. Kxg2 Rxe2+ 38. Kg3 d3 39. Rd1 Bc4
40. Rd2 Kf6 0-1

[Event "XI Weekend C"]
[Site "Gorgonzola ITA"]
[Date "2006.11.12"]
[Round "2"]
[White "Ragoso, Mario"]
[Black "Epitome, Nando"]
[Result "0-1"]
[WhiteElo "1604"]
[BlackElo "1661"]
[PlyCount "46"]
[EventDate "2006.11.11"]

1. c4 e6 2. Nc3 Nf6 3. Nf3 d6 4. g3 Be7 5. Bg2 Nbd7 6. d4 c6 7. O-O O-O 8. Be3
b6 9. h3 Bb7 10. Nd2 Qc7 11. Rc1 Rac8 12. Qc2 a6 13. Nde4 d5 14. Bf4 e5 15.
dxe5 Nxe5 16. Nxf6+ Bxf6 17. cxd5 cxd5 18. Qf5 Qd6 19. Nxd5 Rxc1 20. Nxf6+ Qxf6
21. Qxf6 Rxf1+ 22. Kxf1 Bxg2+ 23. Kxg2 gxf6 0-1

[Event "XI Weekend C"]
[Site "Gorgonzola ITA"]
[Date "2006.11.12"]
[Round "2"]
[White "Ronconi, Fausto"]
[Black "Delledonne, Francesco"]
[Result "1-0"]
[WhiteElo "1730"]
[BlackElo "1586"]
[PlyCount "95"]
[EventDate "2006.11.11"]

1. d4 Nf6 2. c4 g6 3. Nf3 Bg7 4. g3 O-O 5. Bg2 d6 6. Nc3 Nbd7 7. O-O e5 8. Bg5
h6 9. Be3 Ng4 10. Bc1 f5 11. h3 Ngf6 12. dxe5 dxe5 13. Nd5 c6 14. Nxf6+ Qxf6
15. Qc2 e4 16. Nd2 Ne5 17. Nb3 Be6 18. c5 Rfd8 19. Bd2 Nc4 20. Bc3 Qf7 21. Bxg7
Qxg7 22. Rab1 e3 23. Rfd1 exf2+ 24. Kxf2 Rxd1 25. Qxd1 Nxb2 26. Qd4 Nc4 27.
Qxg7+ Kxg7 28. Nd4 Bc8 29. Nxc6 a6 30. Ne7 Kf6 31. Nd5+ Ke5 32. Nb6 Nxb6 33.
Rxb6 Be6 34. a3 Rc8 35. Bxb7 Rxc5 36. Bxa6 Kd5 37. h4 Ra5 38. Rb5+ Rxb5 39.
Bxb5 g5 40. Ke3 Kc5 41. a4 Bd5 42. Bd7 Kb4 43. Kd4 Be4 44. Ke5 Bc2 45. e3 gxh4
46. gxh4 Kc3 47. a5 Kd2 48. Bxf5 1-0

[Event "XI Weekend C"]
[Site "Gorgonzola ITA"]
[Date "2006.11.12"]
[Round "2"]
[White "Rossini, Walter"]
[Black "Crippa, Oscar"]
[Result "0-1"]
[WhiteElo "1514"]
[BlackElo "1607"]
[PlyCount "44"]
[EventDate "2006.11.11"]

1. d4 Nf6 2. c4 e5 3. dxe5 Ng4 4. Nf3 Nc6 5. e3 Ngxe5 6. a3 g6 7. Nc3 a5 8. Bd2
Bg7 9. Be2 O-O 10. O-O d6 11. Rc1 b6 12. b3 Bb7 13. Nd5 Nxf3+ 14. Bxf3 Ne5 15.
Bc3 Rb8 16. Ba1 Re8 17. Kh1 Nxf3 18. gxf3 Bxa1 19. Rxa1 Re5 20. Rg1 Rh5 21. e4
Bc8 22. Qd4 Rxh2+ 0-1

[Event "XI Weekend C"]
[Site "Gorgonzola ITA"]
[Date "2006.11.12"]
[Round "2"]
[White "Sbernini, Daniele"]
[Black "Ferraris, Fulvio"]
[Result "1/2-1/2"]
[WhiteElo "1596"]
[BlackElo "1706"]
[PlyCount "56"]
[EventDate "2006.11.11"]

1. e4 e6 2. d4 d5 3. exd5 exd5 4. Bd3 h6 5. Be3 Nf6 6. Nf3 Bd6 7. h3 O-O 8. O-O
Re8 9. Nbd2 c6 10. c4 Qc7 11. Re1 Be6 12. c5 Bf4 13. Qc2 Nbd7 14. Nh4 Bxe3 15.
Rxe3 Qf4 16. Ndf3 g5 17. g3 Qc7 18. Nf5 Bxf5 19. Rxe8+ Rxe8 20. Bxf5 Nh5 21.
Kg2 Kg7 22. Qd2 Nhf6 23. Re1 Rxe1 24. Qxe1 Qd8 25. h4 gxh4 26. Nxh4 Ng8 27. Qe2
Ndf6 28. Qe5 Qe7 1/2-1/2

[Event "XI Weekend C"]
[Site "Gorgonzola ITA"]
[Date "2006.11.12"]
[Round "2"]
[White "Scarabelli, Maurizio"]
[Black "Basilico, Davide"]
[Result "1/2-1/2"]
[WhiteElo "1745"]
[BlackElo "1605"]
[PlyCount "84"]
[EventDate "2006.11.11"]

1. e4 e5 2. Nf3 Nc6 3. Bb5 a6 4. Ba4 Nf6 5. O-O Be7 6. Re1 b5 7. Bb3 O-O 8. c3
d5 9. d3 dxe4 10. dxe4 Bb7 11. Nbd2 Re8 12. Ng5 Rf8 13. Qe2 h6 14. Ngf3 Re8 15.
Nf1 Bc5 16. h3 Qe7 17. Ng3 Bc8 18. Nh2 Na5 19. Bc2 Nc4 20. Kh1 Be6 21. b3 Nd6
22. Nhf1 Qd7 23. Kh2 Bg4 24. f3 Be6 25. Be3 Bxe3 26. Nxe3 h5 27. Rad1 Qc8 28.
Qf2 g6 29. Nd5 Bxd5 30. exd5 Qb7 31. Qd2 Kg7 32. Nf5+ Nxf5 33. Bxf5 Rad8 34.
Be4 Nxe4 35. fxe4 Rd6 36. c4 bxc4 37. bxc4 Qb6 38. Rb1 Qc5 39. Qe2 Rf6 40. Rf1
Rxf1 41. Rxf1 f6 42. h4 Rb8 1/2-1/2

[Event "XI Weekend C"]
[Site "Gorgonzola ITA"]
[Date "2006.11.12"]
[Round "2"]
[White "Squillante, Michele"]
[Black "Menato, Nazario"]
[Result "1/2-1/2"]
[WhiteElo "1721"]
[BlackElo "1544"]
[PlyCount "106"]
[EventDate "2006.11.11"]

1. d4 Nf6 2. Nf3 b6 3. Bg5 e6 4. e4 d6 5. Nbd2 Be7 6. Bd3 Bb7 7. O-O Nbd7 8. c3
e5 9. Re1 O-O 10. Rc1 Rc8 11. Bb1 h6 12. Bh4 c5 13. Bg3 Nh5 14. Nxe5 Nxg3 15.
Nxd7 Qxd7 16. hxg3 Qb5 17. b3 Rc7 18. c4 Qd7 19. Nf3 Qg4 20. d5 Bc8 21. e5 a5
22. Qd3 g6 23. Qe3 Kg7 24. exd6 Bxd6 25. Ne5 Qh5 26. Qc3 Kg8 27. Nf3 Bg4 28.
Re3 Bxf3 29. gxf3 Qh3 30. f4 Qg4 31. Qf6 Rd7 32. Rce1 h5 33. Re4 h4 34. Qxh4
Qxh4 35. gxh4 Kg7 36. Kg2 Rh8 37. Rh1 Rh5 38. Re8 Bxf4 39. Re4 Bd6 40. Bd3 Ra7
41. a4 Ra8 42. Be2 Rf5 43. h5 Rg5+ 44. Kf1 Rh8 45. Reh4 gxh5 46. Rxh5 Rhxh5 47.
Rxh5 Rxh5 48. Bxh5 f5 49. Ke2 f4 50. Kf3 Kf6 51. Ke4 Kg5 52. Bf7 Kf6 53. Be6
Kg5 1/2-1/2

[Event "XI Weekend C"]
[Site "Gorgonzola ITA"]
[Date "2006.11.12"]
[Round "3"]
[White "Babic, Vladimir"]
[Black "Myftaraj, Ylli"]
[Result "1/2-1/2"]
[WhiteElo "1620"]
[BlackElo "1524"]
[PlyCount "96"]
[EventDate "2006.11.11"]

1. d4 d5 2. c4 e6 3. Nc3 Nf6 4. Bg5 Nbd7 5. e3 Be7 6. Nf3 O-O 7. Qc2 c5 8. Be2
cxd4 9. Nxd4 dxc4 10. Bxc4 h6 11. Bh4 Ng4 12. Nxe6 fxe6 13. Bxe6+ Kh8 14. Bxe7
Nxe3 15. Bxd8 Nxc2+ 16. Kd2 Nxa1 17. Bh4 Nb3+ 18. axb3 Nc5 19. Bc4 Be6 20. f3
g5 21. Bf2 Nxb3+ 22. Bxb3 Bxb3 23. Bd4+ Kh7 24. h4 gxh4 25. Rxh4 Rg8 26. Rh2 a5
27. Be3 Rg6 28. Ne4 a4 29. Kc3 Rc8+ 30. Kb4 Rc2 31. Bd2 Rxb2 32. g4 Bd1+ 33.
Ka3 Rb3+ 34. Ka2 Bxf3 35. Nc5 Rb5 36. Nd7 Bxg4 37. Nf8+ Kg7 38. Nxg6 Kxg6 39.
Rxh6+ Kf7 40. Rh4 Bd1 41. Rb4 Rxb4 42. Bxb4 Ke6 43. Ka3 Kd5 44. Bf8 Kc4 45. Be7
b5 46. Bb4 Bb3 47. Bf8 Kc3 48. Bb4+ Kc2 1/2-1/2

[Event "XI Weekend C"]
[Site "Gorgonzola ITA"]
[Date "2006.11.12"]
[Round "3"]
[White "Basilico, Davide"]
[Black "Ronconi, Fausto"]
[Result "0-1"]
[WhiteElo "1605"]
[BlackElo "1730"]
[PlyCount "46"]
[EventDate "2006.11.11"]

1. e4 e6 2. d4 d5 3. exd5 exd5 4. Nc3 Nf6 5. Bd3 Bd6 6. Nf3 Nc6 7. O-O O-O 8.
Re1 Bg4 9. Be2 Re8 10. Bg5 Bxf3 11. Bxf3 Rxe1+ 12. Qxe1 Nxd4 13. Bd1 Bxh2+ 14.
Kh1 Bd6 15. Nxd5 Qe8 16. Nxf6+ gxf6 17. Be3 Qe4 18. Kg1 Re8 19. c3 Nf5 20. Bf3
Qh4 21. Qc1 Nxe3 22. fxe3 Bc5 23. Kf1 Rxe3 0-1

[Event "XI Weekend C"]
[Site "Gorgonzola ITA"]
[Date "2006.11.12"]
[Round "3"]
[White "Brighenti, Alessandro"]
[Black "Scarabelli, Maurizio"]
[Result "0-1"]
[WhiteElo "1588"]
[BlackElo "1745"]
[PlyCount "80"]
[EventDate "2006.11.11"]

1. e4 c5 2. Nc3 e6 3. g3 Nc6 4. Bg2 Nf6 5. d3 d6 6. f4 Qc7 7. Nf3 a6 8. O-O Be7
9. h3 Bd7 10. g4 O-O-O 11. Kh1 Rdf8 12. Be3 h5 13. g5 Ng4 14. hxg4 hxg4+ 15.
Kg1 gxf3 16. Qxf3 g6 17. Qd1 Rh7 18. Ne2 Rfh8 19. d4 e5 20. d5 Nd4 21. c3 Nxe2+
22. Qxe2 Bh3 23. Qf3 Bxg2 24. Qxg2 Qd7 25. f5 Rh4 26. Bf2 R4h5 27. Be3 Bd8 28.
Rf3 Qa4 29. Rf2 Rh4 30. c4 Qxc4 31. Rc1 Qxe4 32. Qxe4 Rxe4 33. Rf3 Rg4+ 34. Kf1
Bxg5 35. Bxg5 Rxg5 36. fxg6 fxg6 37. Rf6 Rf5+ 38. Rxf5 gxf5 39. Rc2 Rh4 40. Rg2
Rd4 0-1

[Event "XI Weekend C"]
[Site "Gorgonzola ITA"]
[Date "2006.11.12"]
[Round "3"]
[White "Calvi, Luca"]
[Black "Patrucco, Carlo"]
[Result "0-1"]
[WhiteElo "1536"]
[BlackElo "1700"]
[PlyCount "94"]
[EventDate "2006.11.11"]

1. d4 Nf6 2. c4 c5 3. d5 b5 4. cxb5 a6 5. b6 d6 6. Nc3 Nbd7 7. e4 Qxb6 8. Nf3
g6 9. Nd2 Bg7 10. Be2 O-O 11. O-O Bb7 12. Nc4 Qc7 13. f4 Nb6 14. Ne3 e6 15. e5
Nfxd5 16. Nexd5 Nxd5 17. Nxd5 exd5 18. exd6 Qxd6 19. Bf3 Qb6 20. Rb1 c4+ 21.
Kh1 d4 22. Bxb7 Qxb7 23. Bd2 Rac8 24. Qf3 Qxf3 25. Rxf3 c3 26. bxc3 dxc3 27.
Bxc3 Rxc3 28. Rxc3 Bxc3 29. g3 Re8 30. a3 Re1+ 31. Rxe1 Bxe1 32. Kg2 a5 33. a4
Kg7 34. Kf3 Kf6 35. Ke2 Bb4 36. Kf3 Bd6 37. Ke4 Ke6 38. h3 h5 39. g4 hxg4 40.
hxg4 f5+ 41. Kf3 fxg4+ 42. Kxg4 Kf6 43. f5 gxf5+ 44. Kf3 Kg5 45. Kf2 Kf4 46.
Kf1 Kf3 47. Ke1 Kg2 0-1

[Event "XI Weekend C"]
[Site "Gorgonzola ITA"]
[Date "2006.11.12"]
[Round "3"]
[White "Crippa, Oscar"]
[Black "Agustoni, Alessandro"]
[Result "1-0"]
[WhiteElo "1607"]
[BlackElo "1506"]
[PlyCount "45"]
[EventDate "2006.11.11"]

1. e4 e6 2. d4 d5 3. e5 c5 4. c3 Nc6 5. Nf3 Qb6 6. Bd3 Bd7 7. O-O cxd4 8. cxd4
Nh6 9. Nc3 Nxd4 10. Nxd4 Qxd4 11. Nb5 Qxe5 12. g3 Qb8 13. Bf4 Qd8 14. Nc7+ Ke7
15. Nxa8 Qxa8 16. Rc1 Bc6 17. Re1 Kd7 18. Qh5 Qe8 19. Qe5 Qc8 20. Bxh6 gxh6 21.
Qxh8 Bb4 22. Qxc8+ Kxc8 23. Re2 1-0